Reflexiones imparciales sobre la humanidad de los españoles en Indias
Сохранить в:
| Главный автор: | |
|---|---|
| Формат: | |
| Язык: | испанский |
| Опубликовано: |
Madrid
Imprenta de la Pontificia y Real Universidad
1783
|
| Редактирование: | 2a. ed |
| Предметы: | |
| Метки: |
Добавить метку
Нет меток, Требуется 1-ая метка записи!
|
MARC
| LEADER | 00000nam a2200000 a 4500 | ||
|---|---|---|---|
| 001 | UCJ7944 | ||
| 003 | CL-VaPUC | ||
| 008 | 070124e17830000SP |||||||||||||||||spa|d | ||
| 082 | 0 | 4 | |a 090 |b NUI |2 21 |
| 100 | |a Nuix y de Perpiñá, Juan de |e autor |9 516486 | ||
| 245 | 1 | 0 | |a Reflexiones imparciales sobre la humanidad de los españoles en Indias |
| 250 | |a 2a. ed | ||
| 300 | |a 523 p | ||
| 942 | |c BK | ||
| 945 | |d 20070124 00:00:00 |a rinostro | ||
| 260 | |a Madrid |b Imprenta de la Pontificia y Real Universidad |c 1783 | ||
| 500 | |a 4§, pergamino.- una h. prel.- Port.- verso: cita tomada del libro de Daniel.- xxii+ 523 + 4 h. s.f.- Advierte errata | ||
| 600 | 0 | 7 | |a ROJAS CASTILLO, URBANO |2 CL-VaPUC |9 509882 |
| 600 | 0 | 7 | |a ROBERTSON, WILLIAM |2 CL-VaPUC |9 516487 |
| 650 | 0 | |a Historia de América |9 266076 | |
| 650 | 0 | |a Historiografía |9 257871 | |
| 650 | 0 | |a Colonización española |9 256592 | |
| 650 | 0 | |a Esclavitud |9 323605 | |
| 650 | 0 | |a Aborígenes |9 329972 | |
| 650 | 7 | |a DESCRIPCION BIBLIOFILICA |2 CL-VaPUC |9 504580 | |
| 650 | 7 | |a LIBRO RARO |2 CL-VaPUC |9 504169 | |
| 583 | |a last modification |c 20070124 00:00:00 |k Rodrigo Vera | ||
| 999 | |c 323804 |d 323802 | ||
| 952 | |0 0 |1 0 |4 0 |6 090_000000000000000_NUI_1783 |7 0 |8 X |9 403611 |a FDOBUD |b FDOBUD |d 2019-11-22 |i 107055K |o 090 NUI 1783 |p 107055K |r 2019-11-22 |w 2019-11-22 |y BK_X |k BUD | ||